000 00928nam a2200229 i 4500
001 164475
003 ES-MaACL
005 20250702063118.0
008 940617s1901 sp |||| | spa d
040 _aCYL
_bspa
_cCYL
080 2 4 _a929.6(460.182 B)
100 1 0 _aSalvá, Anselmo,
_d1849-1922
_9102053
245 1 3 _aEl escudo de armas de la ciudad de Burgos.
260 _aBurgos :
_b[s.n.],
_c1901 (
_fImprenta de San José)
300 _a29 p., [1] h. de lám. ;
_c21 cm.
530 _aDisponible en formato digital.
594 _aAutor (p. 28): Anselmo Salvá.
650 4 _aHeráldica-
_zBurgos.
_9161154
852 _aES-MaACL
_jT-989-F-9
_z-- Enc. hol., conservanado la enc. original
_z-- Ded. a la Biblioteca del Ateneo de Eloy garcía de Quevedo
_z-- Enc. en un vol. facticio
856 _uhttp://bdh-rd.bne.es/viewer.vm?id=0000113223&page=1
_zBiblioteca Digital Hispánica
999 _c164475
_d164475